000 00623cam a22002173a 4500
001 44419
003 PGUSA
005 20140828084020.0
008 131213s2013||||xxu|||||s|||||000 | eng d
040 _aPGUSA
_beng
042 _adc
100 1 _aFenwick, Frances de Wolfe
245 1 4 _aThe Arch-Satirist
_h[electronic resource] /
_cFrances de Wolfe Fenwick
260 _bProject Gutenberg,
_c2013
506 _aPublic domain in the USA.
516 _aElectronic text
700 1 _aCopeland, Charles,
_d1858-1929
830 0 _aProject Gutenberg
_v44419
856 4 0 _uhttp://www.gutenberg.org/ebooks/44419
942 _cEB
999 _c273670
_d273670